New Approaches to Recruitment and Selection

Guardado en:
Detalles Bibliográficos
Autor principal: Trompenaars, Fons
Otros Autores: Woolliams, Peter
Formato: Libro
Lenguaje:inglés
Publicado: Leeds Emerald Publishing 2024
Edición:1st Edition
Materias:
Etiquetas: Agregar Etiqueta
Sin Etiquetas, Sea el primero en etiquetar este registro!

MARC

LEADER 00000nam a2200000 4500
001 0311362
005 20250813105918.9
020 |a 978-1-83797-759-8 
041 0 |a eng 
044 |a GB 
245 1 0 |a New Approaches to Recruitment and Selection  |c by Fons Trompenaars and Peter Woolliams 
250 |a 1st Edition 
264 1 |a Leeds  |b Emerald Publishing  |c 2024 
300 |a 105 s. 
500 |a Emerald e-books. 
610 2 0 |a nábor pracovníkov 
610 2 0 |a pohovor 
610 2 0 |a riadenie ľudských zdrojov 
610 2 0 |a kultúra podniková 
610 2 0 |a kariéra 
100 1 |a Trompenaars, Fons 
700 1 |a Woolliams, Peter